000 00807nam a22002057a 4500
999 _c12679
_d12679
003 AR-CdUCM
008 190409b ||||| |||| 00| 0 spa d
040 _aMUNICIPALIDAD PROVINCIAL DEL CUSCO
_cBIBLIOTECA MUNICIPAL DEL CUSCO
082 _aC / 985.612 /
_bR46
110 _aMinisterio de Educación Publica
_96342
245 _aRevista Saqsaywaman /
260 _aCusco :
_bEdi. Garcilaso,
_c1972.
300 _a264 paginas ;
_bMapa plegable, cuentas plegables
_c25 cm.
505 _aContenido :El imperio de Vilcabamba -- Y estas idolatrías no pudieron ser extirpadas -- Época pre-inca de Chanapata -- Informe Saqsaywaman...
650 _aHistoria del cusco
_91714
650 _aPlanos de Saqsaywaman
_930666
650 _aÉpoca pre-inca
_930667
942 _2ddc
_cLIBROS
945 _awnts
_d2019-04-09